000 00632nam a22002417a 4500
003 UA-OsUOA
001 22563
007 ta
008 20031222b un ||||| |||| 00| 0 ukr d
100 _aАнтонов Г.В.
090 _a162.6
_bА72
942 _cBK
040 _aUA-OsUOA
_brus
_cUA-OsUOA
_dUA-OsUOA
245 _aОт формальной логике к диалектике(вопросы теории суждения)
300 _a176 с.
955 _a0
041 _arus
080 _a162.6
260 _aМосква
_b"Высшая школа"
_c1971
044 _aRU
650 7 _2UDC
999 _c308784
_d308784